| 000 | 00729nam a2200241 a 4500 | ||
|---|---|---|---|
| 005 | 20240924070132.0 | ||
| 008 | 160629s1995 mx r 000 0 spa d | ||
| 020 | _a8439544944 | ||
| 035 | _aUPN01000211763 | ||
| 049 | _aCG | ||
| 050 | 4 |
_aJC179 _bR6.28j |
|
| 100 | 1 |
_aRousseau, Jean-Jacques, _d1712-1778 |
|
| 245 | 1 | 0 |
_aContrato Social / _cJean Jacquez Rousseau ; tr. Fernando de los Ríos. |
| 260 |
_aBarcelona, Esp. : _bPlaneta DeAgostini, _c1995. |
||
| 300 | _a170 p. | ||
| 440 | 0 | _aObras maestras del milenio | |
| 534 |
_pTítulo original: _tDu contrat social (1762) |
||
| 650 | 4 |
_aEstado _96019 |
|
| 650 | 2 |
_aContrato social _912342 |
|
| 650 | 4 |
_aCiencias políticas _96023 |
|
| 905 | _aLibro | ||
| 999 |
_c183864 _d183864 |
||